Κοινωνικές ιεραρχίες και σύστημα αξιών : ιδεολογικές δομές στο νεοελληνικό μυθιστόρημα 1900-1980
Αποθηκεύτηκε σε:
| Κύριος συγγραφέας: | |
|---|---|
| Μορφή: | Βιβλίο |
| Γλώσσα: | Greek |
| Δημοσίευση: |
Αθήνα :
Κέδρος,
1984.
|
| Θέματα: | |
| Ετικέτες: |
Προσθήκη ετικέτας
Δεν υπάρχουν, Καταχωρήστε ετικέτα πρώτοι!
|
MARC
| LEADER | 00000cam a2200000 i 4500 | ||
|---|---|---|---|
| 001 | 1/42926 | ||
| 008 | 950516s1984 gr | ||| |||| ||gre|| | ||
| 035 | |l 10025678 | ||
| 040 | |a GR-MY-UA |b gre |e aacr | ||
| 041 | 0 | |a gre | |
| 082 | 7 | |a 303.3720949 |2 (22) | |
| 082 | 7 | |a 889.301 |2 (22) | |
| 100 | 1 | |a Σακαλάκη, Μαρία. | |
| 245 | 1 | 0 | |a Κοινωνικές ιεραρχίες και σύστημα αξιών : |b ιδεολογικές δομές στο νεοελληνικό μυθιστόρημα 1900-1980 / |c Μαρίας Σακαλάκη. |
| 260 | |a Αθήνα : |b Κέδρος, |c 1984. | ||
| 300 | |a 264 σ. ; |c 21 εκ. | ||
| 504 | |a Βιβλιογραφία: σ. 257-264. | ||
| 650 | 0 | 0 | |a Greek fiction |x History and criticism. |
| 650 | 0 | 0 | |a Social values. |
| 650 | 0 | 0 | |a Social classes |z Greece. |
| 650 | 0 | 0 | |a Ideology and literature. |
| 650 | 0 | 0 | |a Social psychology and literature |z Greece. |
| 852 | |a INST |b CHIOS |e 19960614 |h 889.301 ΣΑΚ |p 005200007924 |q 005200007924 |t BK |y 0 | ||
| 852 | |a INST |b LESVOS |e 19950516 |h 303.3720949 ΣΑΚ |p 005100000766 |q 005100000766 |t BK |y 0 | ||
| 852 | |a INST |b LESVOS |e 19950517 |h 303.3720949 ΣΑΚ |p 005100002603 |q 005100002603 |t BK |y 0 | ||
| 852 | |a INST |b RHODES |e 20000912 |h 303.3720949 ΣΑΚ |p 005400010192 |q 005400010192 |t BK |y 12 | ||
| 852 | |a INST |b RHODES |e 20200921 |h 303.3720949 ΣΑΚ |p 005400041733 |q 005400041733 |t BK |y 0 | ||
| 909 | |a Λ |b 011380 | ||
| 909 | |a Χ |b 007637 | ||
| 909 | |a Ρ |b 003217 | ||
| 922 | |a 4ΕΛΗ |b 198609 | ||
| 970 | |z 2000/09 | ||